Využitie Matlab/SimMechanics v procese simulácie dynamických systémov

Salvato in:
Dettagli Bibliografici
Autore principale: Gejguš, Tomáš (Autore)
Altri autori: Garan, Martin (Relatore della tesi)
Natura: Manoscritto Libro
Lingua:slovacco
Pubblicazione: 2016
Soggetti:
Accesso online:http://is.stuba.sk/zp/portal_zp.pl?podrobnosti=125968
Tags: Aggiungi Tag
Nessun Tag, puoi essere il primo ad aggiungerne!!

MARC

LEADER 00000ntm a22000003a 4500
001 stuzp57999
003 SK-STU
005 20160719155431.4
007 ta
008 150427s2015----xo-----f-mn---000-0-slo-d
040 |a STU  |b slo 
041 0 |a slo 
100 1 |a Gejguš, Tomáš  |u 020010  |4 aut  |U SjF Strojnícka fakulta  |T SjF Ústav aplikovanej mechaniky a mechatroniky  |X 73220  |U J0010  |Y 801  |7 73220 
242 0 1 |a The usage of MATLAB/SimMechanics in the process of simulation of dynamic systems  |y eng 
245 1 0 |a Využitie Matlab/SimMechanics v procese simulácie dynamických systémov 
260 |c 2016 
650 4 |a SimMechanics  |2 slo 
650 4 |a Matlab  |2 slo 
650 4 |a Simulink  |2 slo 
650 4 |a korba  |2 slo 
650 4 |a simulácia  |2 slo 
650 4 |a dynamický systém  |2 slo 
650 4 |a mechanizmus  |2 slo 
650 4 |a SimMechanics  |2 eng 
650 4 |a Matlab  |2 eng 
650 4 |a Simulink  |2 eng 
650 4 |a body  |2 eng 
650 4 |a simulation  |2 eng 
650 4 |a dynamic system  |2 eng 
650 4 |a mechanism  |2 eng 
700 1 |a Garan, Martin  |u 020010  |k Z1  |4 ths  |U SjF Strojnícka fakulta  |T SjF Ústav aplikovanej mechaniky a mechatroniky  |X 10008  |U J0010  |Y 801  |7 A000010008 
856 4 |u http://is.stuba.sk/zp/portal_zp.pl?podrobnosti=125968 
SQL |a stuzp57999  |b DBP  |c SLO  |d Využitie Matlab/SimMechanics v procese simulácie dynamických systémov  |e 73220  |f Gejguš, Tomáš  |g 020010  |h 10008  |i Garan, Martin  |j 20160613  |k 645  |l 02  |m http://is.stuba.sk/zp/portal_zp.pl?podrobnosti=125968  |n B-AMAM  |o 5.1.7. aplikovaná mechanika, 5.2.16. mechatronika